00469nam a2200169 a 4500008004100000020001500041050001500056100002000071245008400091250001200175260002900187300001600216350000900232650001400241650002000255700002400275101022s2007 ||||||||||||||||| || u a8122419755 aTA 357 Kot aRudramoorthy, R10aFluid mechanics and machinery. -- 2nd ed.cC. P. Kothandaraman, R. Rudramoorthy a2nd ed. aNew DelhibNew Agec2007 axvii, 596p. a0.00 aMECHANICS aFLUID MECHANICS aKothandaraman, C. P